00814nam a2200217 a 450000100100000000500170001000800410002702000150006804000250008308200160010810000270012424500860015125000110023726000600024830000260030850000660033450400410040070000270044195201130046899900150058100000462220200929151454.0090724s2004 xxu 000 0 eng d a0810849496 aDO-SdBNPbspacBNPHU axxxxbN154h1 aNahm, Andrew C.91347710aHistorical dictionary of the Republic of Korea /cAndrew C. Nahm, James E. Hoare. a2a ed. aMaryland, Estados Unidos :bThe Scarecrow Press,c2004. alvi, 313 p. ;c22 cm. aIncluye datos biográficos de los autores en la página 133 aIncluye bibliografías (p. 248-293)1 aHoare, James E.913478 001050718MOaGRbGRcCTd2009-07-24iLF1l0oxxxx N154hp4622-10r2020-06-25w2020-06-25y1ZNo se presta c4430d4430